| 000 | 00857nam a2200265 i 4500 | ||
|---|---|---|---|
| 001 | 82189 | ||
| 003 | ES-MaACL | ||
| 005 | 20250911062830.0 | ||
| 007 | t| | ||
| 008 | 041129s2004 sp ||||1| spa d | ||
| 020 | _a84-7522-557-8 | ||
| 080 | _a821.134.2-14"19" | ||
| 100 | 1 |
_aSalinas, Pedro, _d1891-1951 _9101942 |
|
| 245 | 1 | 3 |
_aEl contemplado : _btema con variaciones / _cPedro Salinas. |
| 260 |
_aMadrid : _bVisor Libros, _c[2004] |
||
| 300 |
_a55 p. ; _c20 cm + _e1 CD. |
||
| 490 | 1 |
_aColección Visor de poesía ; _v557 |
|
| 505 | 8 | _aContiene CD-ROM: El contemplado (mar, poema), leído por el autor | |
| 600 | 1 | 4 |
_aSalinas, Pedro, _d1891-1951 _9101942 |
| 830 | 0 |
_aColección Visor de poesía _v557 _9177331 |
|
| 852 |
_aES-MaACL _jL-28541 _z. - Libro |
||
| 852 |
_aES-MaACL _jROT 2/1/10 _z. - CR-ROM |
||
| 942 | _2udc | ||
| 999 |
_c82189 _d82189 |
||